Firsthand report : (Record no. 13219)
[ view plain ]
| 000 -LEADER | |
|---|---|
| fixed length control field | 01060cam a22003011i 4500 |
| 001 - CONTROL NUMBER | |
| control field | 2166479 |
| 003 - CONTROL NUMBER IDENTIFIER | |
| control field | EG-ScBUE |
| 005 - DATE AND TIME OF LATEST TRANSACTION | |
| control field | 20240702143732.0 |
| 008 - FIXED-LENGTH DATA ELEMENTS--GENERAL INFORMATION | |
| fixed length control field | 730109t1961 nyua f 001 0 eng d |
| 040 ## - CATALOGING SOURCE | |
| Original cataloging agency | DLC |
| Language of cataloging | eng |
| Description conventions | rda |
| Transcribing agency | DLC |
| Modifying agency | DLC |
| -- | EG-ScBUE |
| 043 ## - GEOGRAPHIC AREA CODE | |
| Geographic area code | n-us--- |
| 082 04 - DEWEY DECIMAL CLASSIFICATION NUMBER | |
| Classification number | 973.921092 |
| Edition number | 22 |
| Item number | ADA |
| 100 1# - MAIN ENTRY--PERSONAL NAME | |
| Personal name | Adams, Sherman, |
| Dates associated with a name | 1899-1986, |
| Relator term | author. |
| 9 (RLIN) | 10707 |
| 245 10 - TITLE STATEMENT | |
| Title | Firsthand report : |
| Remainder of title | the story of the Eisenhower administration / |
| Statement of responsibility, etc | Sherman Adams. |
| 264 #1 - PUBLICATION, DISTRIBUTION, ETC. (IMPRINT) | |
| Place of publication, distribution, etc | New York : |
| Name of publisher, distributor, etc | Harper & Brothers, |
| Date of publication, distribution, etc | [1961] |
| 264 #4 - PUBLICATION, DISTRIBUTION, ETC. (IMPRINT) | |
| Date of publication, distribution, etc | c1961 |
| 300 ## - PHYSICAL DESCRIPTION | |
| Extent | 481 pages : |
| Other physical details | illustrations ; |
| Dimensions | 22 cm |
| 336 ## - CONTENT TYPE | |
| Source | rdacontent |
| Content type term | text |
| Content type code | txt |
| 337 ## - MEDIA TYPE | |
| Media type term | unmediated |
| Source | rdamedia |
| Media type code | n |
| 338 ## - CARRIER TYPE | |
| Carrier type term | volume |
| Carrier type code | nc |
| Source | rdacarrier |
| 500 ## - GENERAL NOTE | |
| General note | Includes Index. |
| 600 17 - SUBJECT ADDED ENTRY--PERSONAL NAME | |
| Personal name | Eisenhower, Dwight D. |
| Fuller form of name | (Dwight David), |
| Dates associated with a name | 1890-1969. |
| Source of heading or term | BUEsh |
| 9 (RLIN) | 10708 |
| 651 #7 - SUBJECT ADDED ENTRY--GEOGRAPHIC NAME | |
| Geographic name | United States |
| General subdivision | Politics and government |
| Chronological subdivision | 1953-1961. |
| Source of heading or term | BUEsh |
| 9 (RLIN) | 10709 |
| 651 #7 - SUBJECT ADDED ENTRY--GEOGRAPHIC NAME | |
| Geographic name | United States |
| General subdivision | Foreign relations |
| Chronological subdivision | 1953-1961. |
| Source of heading or term | BUEsh |
| 9 (RLIN) | 10710 |
| 655 ## - INDEX TERM--GENRE/FORM | |
| Form subdivision | Reading book |
| 942 ## - ADDED ENTRY ELEMENTS (KOHA) | |
| Source of classification or shelving scheme | Dewey Decimal Classification |
| Koha item type | Book - Borrowing |
| Withdrawn status | Lost status | Source of classification or shelving scheme | Damaged status | Not for loan | Collection code | Home library | Current library | Shelving location | Date acquired | Source of acquisition | Total Checkouts | Total Renewals | Full call number | Barcode | Date last seen | Date checked out | Price effective from | Koha item type | Public note |
|---|---|---|---|---|---|---|---|---|---|---|---|---|---|---|---|---|---|---|---|
| Dewey Decimal Classification | Donation-Gift | Central Library | Central Library | Second Floor | 28/01/2010 | Donation | 1 | 6 | 973.921092 ADA | 000019550 | 15/07/2025 | 17/11/2014 | 28/01/2010 | Book - Borrowing | Donated By: Alaa abdel ghaney. |